Maloobchod bez predajní

Výhody priameho predaja pre národné hospodárstvo. Výhody a riziká pre zákazníka. Obrat na Slovensku, v západnej Európe a na celom svete. Združenie priameho predaja Slovenskej republiky. Problémy etiky.

Salvato in:
Dettagli Bibliografici
Autore principale: Luptáková, Oldřiška
Natura: Libro
Lingua:slovacco
Soggetti:
Tags: Aggiungi Tag
Nessun Tag, puoi essere il primo ad aggiungerne!!

MARC

LEADER 00000nam a2200000 4500
001 r031433
005 20251104124727.7
041 0 |a slo 
044 |a SK 
245 1 0 |a Maloobchod bez predajní  |c Oldřiška Luptáková 
520 |a Výhody priameho predaja pre národné hospodárstvo. Výhody a riziká pre zákazníka. Obrat na Slovensku, v západnej Európe a na celom svete. Združenie priameho predaja Slovenskej republiky. Problémy etiky. 
610 2 0 |a marketing priamy 
610 2 0 |a maloobchod 
610 2 0 |a distribúcia 
610 2 0 |a Slovensko 
610 2 0 |a západná Európa 
610 2 0 |a svet 
610 2 0 |a obrat maloobchodný 
610 2 0 |a etika 
610 2 0 |a etika podnikateľská 
610 2 0 |a legislatíva 
610 2 0 |a zákazníci 
610 2 0 |a Združenie priameho predaja Slovenskej republiky 
100 1 |a Luptáková, Oldřiška